| 000 | 00812nam a2200265 i 4500 | ||
|---|---|---|---|
| 001 | bg | ||
| 245 | 0 | 0 |
_aSpektrometria atomowa : _bmożliwości analityczne / _coprac. pod red. Ewy Bulskiej i Krystyny Pyrzyńskiej. |
| 250 | _aWyd. 2 zm. i uaktual. | ||
| 260 |
_aWarszawa : _bWydawnictwo Malamut, _c2007. |
||
| 300 |
_a197, [1] s. : _bil. ; _c24 cm. |
||
| 504 | _aBibliogr. przy rozdz. | ||
| 650 | 9 | _aSpektroskopia atomowa | |
| 700 | 1 |
_aBulska, Ewa. _eRed. |
|
| 700 | 1 |
_aPyrzyńska, Krystyna. _eRed. |
|
| 015 | _aPB 4594/2008 | ||
| 020 | _a9788392526919 | ||
| 040 | _cBPK | ||
| 041 | _apol | ||
| 044 | _aPOL | ||
| 080 | _a543.42 | ||
| 920 | _a978-83-925269-1-9 | ||
| 942 | _cKS | ||
| 008 | 080207s2007 pl a |000 0 pol | ||
| 999 |
_c56072 _d56072 |
||
| 856 |
_uhttp://koha.tu.koszalin.pl/cgi-bin/koha/opac-detail.pl?biblionumber=56072 _yKatalog online BPK |
||